000 00645nam a2200229Ia 4500
005 20240302094611.0
008 131103s9999 xx 000 0 und d
020 _aSBN 471275409
040 _aLoreto College
041 _aEnglish
082 _a370.973
_bFRA
245 _aAmerican Education in Foreign Perspectives,
_cEdited by Stewart E.Eraser
250 _a twentieth century essays
260 _aNew York
_bJohn Wiley and Sons
_c1969
300 _axv,525 p.
504 _aIncludes bibliography & index
650 _aEducation
651 _aUnited States
700 _aFraser,Stewart E.,ed.
850 _aLCLIB
942 _cBK
999 _c9141
_d59620